01684nam a2200385 a 4500001001200000003000800012006001900020007001500039008004100054010001700095020004000112020001800152020002700170040002100197035002100218050002300239082001600262245011800278250001200396260005200408300003000460500012300490504005100613505015700664533015200821650002200973650003200995650001601027655002901043700001801072710001701090730004601107856012601153999001901279ebr10540933CaPaEBRm u cr cn|||||||||110714s2012 enka sb 001 0 eng d z 2011029724 z1405191821 (hardcover : alk. paper) z9781405191821 z9781118321409 (e-book) aCaPaEBRcCaPaEBR a(OCoLC)78187077614aRC801b.T49 2012eb04a616.3/322300aTextbook of clinical gastroenterology and hepatologyh[electronic resource] /ceditors, C.J. Hawkey ... [et al.]. a2nd ed. aChichester [England] :bWiley-Blackwell,c2012. axxv, 1246 p. :bcol. ill. aRev. ed. of: Clinical gastroenterology and hepatology / editors, Wilfred M. Weinstein, C.J. Hawkey, Jaime Bosch. 2005. aIncludes bibliographical references and index.0 apt. 1. Symptoms, syndromes, and scenarios -- pt. 2. Diseases of the gut and liver -- pt. 3. Primer of diagnostic methods -- pt. 4. Primer of treatments. aElectronic reproduction.bPalo Alto, Calif. :cebrary,d2011.nAvailable via World Wide Web.nAccess may be limited to ebrary affiliated libraries. 0aGastroenterology. 0aDigestive organsxDiseases. 0aHepatology. 7aElectronic books.2local1 aHawkey, C. J.2 aebrary, Inc.0 aClinical gastroenterology and hepatology.40uhttp://site.ebrary.com/lib/rucke/Doc?id=10540933zAn electronic book accessible through the World Wide Web; click to view c246136d246136